| 000 | 00693nam a2200181Ia 4500 | ||
|---|---|---|---|
| 008 | 090630s9999 xx 000 0 und d | ||
| 082 | _b19171 | ||
| 100 | _aकर्णिक सुनिल. | ||
| 245 |
_aन छापण्याजोग्या गोष्टी. _cकर्णिक सुनिल. |
||
| 260 |
_bडिंपल - वसई. _c2000 |
||
| 300 | _a167 | ||
| 600 | _aकर्णिक सुनिल. | ||
| 630 | _aन छापण्याजोग्या गोष्टी. | ||
| 655 | _aलघुकथा. | ||
| 700 | _aकर्णिक सुनिल. | ||
| 730 | _aन छापण्याजोग्या गोष्टी. | ||
| 942 | _cBOOK | ||
| 999 |
_c271027 _d271027 |
||